सोन्याSाा कळस (Record no. 338411)

MARC details
000 -LEADER
fixed length control field 00554nam a2200169Ia 4500
008 - FIXED-LENGTH DATA ELEMENTS--GENERAL INFORMATION
fixed length control field 090711s9999 xx 000 0 und d
082 ## - DEWEY DECIMAL CLASSIFICATION NUMBER
Item number 1415
100 ## - MAIN ENTRY--PERSONAL NAME
Personal name वरेरकर भा. वि.
245 ## - TITLE STATEMENT
Title सोन्याSाा कळस
260 ## - PUBLICATION, DISTRIBUTION, ETC. (IMPRINT)
Name of publisher, distributor, etc बलवंत पुस्तक भंडार
Date of publication, distribution, etc 1961
300 ## - PHYSICAL DESCRIPTION
Extent 111
600 ## - SUBJECT ADDED ENTRY--PERSONAL NAME
Personal name वरेरकर भा. वि.
630 ## - SUBJECT ADDED ENTRY--UNIFORM TITLE
Uniform title सोन्याSाा कळस
700 ## - ADDED ENTRY--PERSONAL NAME
Personal name वरेरकर भा. वि.
730 ## - ADDED ENTRY--UNIFORM TITLE
Uniform title सोन्याSाा कळस
942 ## - ADDED ENTRY ELEMENTS (KOHA)
Koha item type Book

No items available.